| 000 | 01485nam a2200385Ia 4500 | ||
|---|---|---|---|
| 001 | dia_2518 | ||
| 003 | CHAP | ||
| 005 | 20240223122539.0 | ||
| 007 | ta | ||
| 008 | 220117s2003 mx adb f 001 0 spa d | ||
| 040 |
_amxchpua _cCHAP |
||
| 090 |
_aT.C.359 _bB84 SAI _c2003 |
||
| 245 | 1 | 0 |
_aEl sistema agroindustrial porcinos en Jalisco / _ccoordinadores María Ofelia Buendía González y Juan José Flores Verduzco ; colaboradores Alfricia A. de los Santos Villamil...[et al.] |
| 260 |
_aMéxico : _bEl Autor, _c2003 |
||
| 300 |
_a86 hojas : _bilustración, tablas, diagrama, mapas |
||
| 336 |
_2rdacontent _atexto _btxt |
||
| 337 |
_2rdamedio _asin medio _bn |
||
| 338 |
_2rdacarrier _avolumen _bnc |
||
| 500 | _aGrado : 6° año | ||
| 502 |
_aViaje de Estudios _b(SAI) -- _cUACh. Departamento de Ingeniería Agroindustrial, _d2003 |
||
| 504 | _aBibliografía : hoja 85 | ||
| 650 | 1 | 3 |
_aGanado _944888 |
| 650 | 1 | 3 |
_aIndustria del ganado y de la carne _9153053 _zMéxico _zJalisco |
| 650 | 1 | 3 |
_aLivestock and meat industry _9153054 _zMéxico _zJalisco |
| 650 | 1 | 3 |
_aLivestock _9188852 |
| 700 | 1 |
_aBuendía González, María Ofelia _9150532 _ecoordinadora |
|
| 700 | 1 |
_aFlores Verduzco, Juan José _941784 _ecoordinador |
|
| 700 | 1 |
_aSantos Villamil, Alfricia A. de los _9153057 _ecolaborador |
|
| 901 | _aT.C.359 B84 SAI 2003 | ||
| 902 | _aM | ||
| 905 | _a5232272003 mx nbm 8223123322spa16 | ||
| 942 | _2local | ||
| 942 | _cVE | ||
| 999 |
_c173040 _d173040 |
||